| 000 | 00942nam a22002657a 4500 | ||
|---|---|---|---|
| 003 | OSt | ||
| 005 | 20250414121450.0 | ||
| 008 | 200206s2011 ck ||||er|||| 00| f spa d | ||
| 020 | _a9789588294919 | ||
| 040 |
_aCO-JMCR _cCO-JMCR |
||
| 082 |
_aA-N _bESPc |
||
| 100 | 1 |
_aEspaña, Gonzalo, _eautor _9213 |
|
| 245 | 1 | 3 |
_aEl caso Mondiú / _cGonzalo España |
| 250 | _a1a. edición | ||
| 260 |
_aBarcelona ; Bogotá : _bEdiciones B, _c2011 |
||
| 300 |
_a224 páginas ; _c23 cm. |
||
| 490 | 0 | _aNarrativa. Novela Negra | |
| 500 | _aIncluye datos biográficos y fotografía del autor en solapa. | ||
| 505 | 0 | _aFrutas de temporada -- Música de temporada -- La orden del cojón rayado -- El breviario de Chardelos de Lacros -- Reflejo de una calva locuaz -- El club del buey Apis | |
| 650 | 1 | 4 |
_aNovela colombiana. _925 |
| 650 | 1 | 4 |
_aNovela erótica _929 |
| 650 | 1 | 4 |
_aNovela policíaca _9214 |
| 650 | 1 | 4 |
_aNovela negra _9215 |
| 942 |
_2ddc _cBK |
||
| 999 |
_c6438 _d6438 |
||